Top 20 Lil Uzi Vert Song - Statistics

General Stats
  • This quiz has been taken 17 times
  • The average score is 6 of 20
Answer Stats
# Album Score Song % Correct
1 Luv is Rage 2 97 20 Min
93%
4 Luv is Rage 2 89 The Way Life Goes
67%
8 The Perfect Luv Tape 88 Erase Your Social
60%
16 Luv Is Rage 84 7AM
47%
5 Lil Uzi Vert vs. The World 89 Money Longer
47%
15 Eternal atake 84 Baby Pluto
40%
3 Eternal Atake(Deluxe) —Luv vs. The World 89 Myron
40%
9 Luv is Rage 2 87 Neon Guts
40%
17 Luv is Rage 83 Paradise
33%
12 Lil Uzi Vert vs. The World 86 Ps & Qs
33%
19 Luv is Rage 2 83 Sauce It Up
33%
7 The Perfect Luv Tape 88 Do What I Want
27%
10 Eternal Atake(Deluxe) —Luv vs. The World 86 Bean
20%
18 Eternal Atake(Deluxe) —Luv vs. The World 83 Strawberry peels
20%
11 Eternal Atake(Deluxe) —Luv vs. The World 86 Yessirskiii
20%
20 Eternal atake 83 Prices
7%
13 Luv is Rage 1.5 85 Boring Shit
0%
14 Eternal atake 84 Futsal shuffle 2020
0%
6 Luv is Rage 1.5 88 LUV SCARS K.o 1600
0%
2 Luv is Rage 2 95 XO Tour Llife3
0%
No matching quizzes found
Score Distribution
Percent of People with Each Score
Percentile by Number Answered
Your Score History
You have not taken this quiz